MARC details
| 000 -CABECERA |
| campo de control de longitud fija |
01749cam a22003375i 4500 |
| 001 - NÚMERO DE CONTROL |
| campo de control |
23735273 |
| 005 - FECHA Y HORA DE LA ÚLTIMA TRANSACCIÓN |
| campo de control |
20250619080313.0 |
| 008 - DATOS DE LONGITUD FIJA--INFORMACIÓN GENERAL |
| campo de control de longitud fija |
240614s2023 ie a e 001 0 eng d |
| 010 ## - NÚMERO DE CONTROL DE LA BIBLIOTECA DEL CONGRESO |
| Número de control de LC |
2024440195 |
| 020 ## - NÚMERO INTERNACIONAL ESTÁNDAR DEL LIBRO |
| Número Internacional Estándar del Libro |
9781788680868 |
| Información calificativa |
(paperback) |
| 035 ## - NÚMERO DE CONTROL DEL SISTEMA |
| Número de control de sistema |
(OCoLC)on1401078835 |
| 040 ## - FUENTE DE LA CATALOGACIÓN |
| Centro catalogador/agencia de origen |
NZAUC |
| Lengua de catalogación |
eng |
| Normas de descripción |
rda |
| Centro/agencia transcriptor |
NZAUC |
| Centro/agencia modificador |
TOH |
| -- |
OCLCO |
| -- |
MDB |
| -- |
OCLCQ |
| -- |
NYP |
| -- |
BKL |
| -- |
DLC |
| 041 0# - CÓDIGO DE LENGUA |
| Código de lengua del texto/banda sonora o título independiente |
eng |
| -- |
spa |
| 042 ## - CÃDIGO DE AUTENTICACIÃN |
| Código de autenticación |
lccopycat |
| 245 00 - MENCIÓN DE TÍTULO |
| Título |
Latin American Spanish phrasebook & dictionary. |
| 246 30 - FORMA VARIANTE DE TÍTULO |
| Título propio/Titulo breve |
Latin American Spanish phrasebook and dictionary. |
| 250 ## - MENCIÓN DE EDICIÓN |
| Mención de edición |
Tenth edition. |
| 260 ## - PUBLICACIÓN, DISTRIBUCIÓN, ETC. |
| Lugar de publicación, distribución, etc. |
Dublin, Ireland : |
| Nombre del editor, distribuidor, etc. |
Lonely Planet, |
| Fecha de publicación, distribución, etc. |
2023. |
| 300 ## - DESCRIPCIÓN FÍSICA |
| Extensión |
271 pages : |
| Otras características físicas |
color illustrations ; |
| Dimensiones |
14 cm. |
| 490 0# - MENCIÓN DE SERIE |
| Mención de serie |
Lonely Planet phrasebooks. |
| 500 ## - NOTA GENERAL |
| Nota general |
Includes index. |
| 505 0# - NOTA DE CONTENIDO CON FORMATO |
| Nota de contenido con formato |
About Latin American Spanish —<br/>Travel Phrases —<br/>Basics —<br/>Practical —<br/>Social —<br/>Safe Travel —<br/>Food —<br/>Menu Decoder —<br/>Two-Way Dictionary. |
| 520 ## - SUMARIO, ETC. |
| Sumario, etc. |
Lonely Planet's Latin American Spanish Phrasebook and Dictionary is your handy passport to culturally enriching travels with the most relevant and useful Latin American Spanish phrases and vocabulary for all your travel needs. Mingle with locals at a colourful Latin American mercado, spend a night out dancing to live music, or enjoy a meal in an out-of-the-way restaurant; all with your trusted travel companion. |
| 650 #0 - PUNTO DE ACCESO ADICIONAL DE MATERIA--TÉRMINO DE MATERIA |
| Término de materia o nombre geográfico como elemento de entrada |
Spanish language |
| Subdivisión geográfica |
Latin America |
| Subdivisión de forma |
Conversation and phrase books |
| Subdivisión general |
English |
| 9 (RLIN) |
25519 |
| 650 #0 - PUNTO DE ACCESO ADICIONAL DE MATERIA--TÉRMINO DE MATERIA |
| Término de materia o nombre geográfico como elemento de entrada |
Spanish language |
| Subdivisión geográfica |
Latin America |
| Subdivisión general |
Spoken Spanish |
| 9 (RLIN) |
25520 |
| 650 #0 - PUNTO DE ACCESO ADICIONAL DE MATERIA--TÉRMINO DE MATERIA |
| Término de materia o nombre geográfico como elemento de entrada |
Spanish language |
| Subdivisión geográfica |
Latin America |
| Subdivisión de forma |
Dictionaries |
| Subdivisión general |
English |
| 9 (RLIN) |
25521 |
| 650 #0 - PUNTO DE ACCESO ADICIONAL DE MATERIA--TÉRMINO DE MATERIA |
| Término de materia o nombre geográfico como elemento de entrada |
English language |
| Subdivisión de forma |
Dictionaries |
| Subdivisión general |
Spanish |
| 9 (RLIN) |
25522 |
| 655 #0 - TÉRMINO DE INDIZACIÓN--GÉNERO/FORMA |
| Datos o término principal de género/forma |
Phrase books |
| 9 (RLIN) |
25062 |
| 655 #0 - TÉRMINO DE INDIZACIÓN--GÉNERO/FORMA |
| Datos o término principal de género/forma |
Dictionaries |
| 9 (RLIN) |
23843 |
| 942 ## - ELEMENTOS DE ENTRADA AGREGADA (KOHA) |
| Fuente del sistema de clasificación o colocación |
Clasificación de Library of Congress |